Political frontiers and boundaries

Αποθηκεύτηκε σε:
Λεπτομέρειες βιβλιογραφικής εγγραφής
Κύριος συγγραφέας: Prescott, John Robert Victor
Μορφή: Βιβλίο
Γλώσσα:English
Δημοσίευση: London : Unwin Human, 1987
Θέματα:
Ετικέτες: Προσθήκη ετικέτας
Δεν υπάρχουν, Καταχωρήστε ετικέτα πρώτοι!

MARC

LEADER 00000nam a2200000 i 4500
001 1/96344
008 970513s1987 eng d
035 |l 10010147 
040 |a GR-MY-UA  |b gre  |e aacr 
041 0 |a eng 
082 0 |a 320.12 
100 1 |a Prescott, John Robert Victor. 
245 1 0 |a Political frontiers and boundaries /  |c J. R. V. Prescott 
260 |a London :   |b Unwin Human,   |c 1987 
300 |a 315 p.  |b fig. 
500 |a Rev, and expanded ed. of: Boundaries and frontiers. 1978 
504 |a Includes bibliographical references and index 
650 0 0 |a Boundaries. 
852 |a INST  |b LESVOS  |e 19970513  |h 320.12 PRE  |p 005100003103  |q 005100003103  |t BK  |y 4  |x 20200115 
909 |a Λ  |b 037853 
950 |a 169-1994-09-06